EMT Assessment Terms Quiz Stats

 Plays Quiz not verified by Sporcle

Challenge
Share
Tweet
Embed
Score 0/14 Timer 10:00
0 Plays Today
Clue/Question Term/Answer % Correct
Medical term for a nose bleedEpistaxis
52.7%
White portion of the eyeScelra (pg. 402)
46.2%
Cynosis indicates inadequate ________Oxygenation (pg. 403)
26.6%
Nasal flaring is a sign of possible _________Respiratory Distress (pg. 403)
25.5%
Jerky eye movementsNystagmus (pg. 402)
13.6%
DCAP-BLS (separate terms with commas)Deformities, Contusions, Abrasions, Punctures, Burns, Lacerations, Swelling
11.4%
When a pupil is large and not responding to light it is ___________Fixed and Dilated (pg. 402)
7.1%
Clue/Question Term/Answer % Correct
Black and blue discoloration behind the ear; a late sign of possible skull/head injuryEcchymosis (pg. 401)
3.3%
Yellowing of the white portion of the eye, a sign of possible liver damageIcterus (pg. 403)
2.2%
When assessing patients you should first ___________, then _______________Inspect then Palpate
2.2%
When eyes move togetherConjugate Gaze (pg. 402)
0.5%
0.5%
Occurs when both eyes react equally and simultaneously to light being shined in either eyeConsensual Reflex (pg. 402)
0%
When one eye move in another direction or is fixedDysconjugate Gaze (pg. 402)
0%

You're not logged in!

Compare scores with friends on all Sporcle quizzes.
Join for Free
OR
Log In

You Might Also Like...

Show Comments

Extras

Top Quizzes Today


Score Distribution

Your Account Isn't Verified!

In order to create a playlist on Sporcle, you need to verify the email address you used during registration. Go to your Sporcle Settings to finish the process.

Report this User

Report this user for behavior that violates our Community Guidelines.

Details: